| 000 | 00590nam a22001817a 4500 | ||
|---|---|---|---|
| 005 | 20251108175420.0 | ||
| 008 | 250721s2013 xx 000 0 ara d | ||
| 082 | 1 | 4 | _a920.71/سمح |
| 100 | 1 | _aسمحان، محمد عبد القادر | |
| 245 | 1 | 0 | _aأعلام و شخصيات من بلادي / |
| 264 | 1 |
_aعمان : _bدار البداية ناشرون و موزعون، _c2013. |
|
| 300 | _a192 ص. | ||
| 490 | 0 | _aسلسلة أعلام الأردن في القرن العشرين | |
| 650 | 1 | 7 | _aالتراجم |
| 650 | 1 | 7 | _aالأردن |
| 942 |
_2ddc _cBK |
||
| 999 |
_c133578 _d133578 |
||